Penyuntingan kopi (Record no. 15990)

MARC details
000 -LEADER
fixed length control field 00725nam a2200265 i 4500
001 - CONTROL NUMBER
control field C2-0083627
003 - CONTROL NUMBER IDENTIFIER
control field PPAK
005 - DATE AND TIME OF LATEST TRANSACTION
control field 20180727085551.0
008 - FIXED-LENGTH DATA ELEMENTS--GENERAL INFORMATION
fixed length control field 970429s1989 my |||| ||||| | may d
020 ## - INTERNATIONAL STANDARD BOOK NUMBER
International Standard Book Number 9836208232
040 ## - CATALOGING SOURCE
Original cataloging agency PPAK
Language of cataloging eng
Transcribing agency PPAK
Description conventions rda
082 04 - DEWEY DECIMAL CLASSIFICATION NUMBER
Classification number 808.06607
Edition number 23
090 00 - LOCALLY ASSIGNED LC-TYPE CALL NUMBER (OCLC); LOCAL CALL NUMBER (RLIN)
Classification number (OCLC) (R) ; Classification number, CALL (RLIN) (NR) 808.06607
Feature heading BUT
Feature heading G
Classification number (OCLC) (R) ; Classification number, CALL (RLIN) (NR) 808.06607
Feature heading BUT
Feature heading KAH
Classification number (OCLC) (R) ; Classification number, CALL (RLIN) (NR) 808.06607
Feature heading BUT
Feature heading KIH
100 1# - MAIN ENTRY--PERSONAL NAME
Personal name Butcher, Judith,
Relator term author
245 10 - TITLE STATEMENT
Title Penyuntingan kopi
264 #1 - PRODUCTION, PUBLICATION, DISTRIBUTION, MANUFACTURE, AND COPYRIGHT NOTICE
Place of production, publication, distribution, manufacture Kuala Lumpur :
Name of producer, publisher, distributor, manufacturer Dewan Bahasa dan Pustaka ,
Date of production, publication, distribution, manufacture, or copyright notice 1989
300 ## - PHYSICAL DESCRIPTION
Extent xiii, 410 pages ;
Dimensions 22 cm
336 ## - CONTENT TYPE
Source rdacontent
Content type term text
337 ## - MEDIA TYPE
Source rdamedia
Media type term unmediated
338 ## - CARRIER TYPE
Source rdacarrier
Carrier type term volume
650 10 - SUBJECT ADDED ENTRY--TOPICAL TERM
Topical term or geographic name entry element Printing, practical
942 ## - ADDED ENTRY ELEMENTS (KOHA)
-- dc
Koha item type Book
Holdings
Withdrawn Not for loan Current library Shelving location Date acquired Full call number Barcode Date last seen Koha item type
    Perpustakaan Alor Setar Pinjaman Dewasa 26/07/1997 808.06607 BUT A00038759 08/05/2018 Book
  Not For Loan Perpustakaan Alor Setar Koleksi Abdullah Hussein 24/01/2000 KAH 808.06607 BUT A00205761 08/05/2018 Book
  Not For Loan Perpustakaan Alor Setar Koleksi Ismail Hussein 20/03/2000 KIH 808.06607 BUT A00174585 08/05/2018 Book
    Perpustakaan Merbok Pinjaman Dewasa 11/12/1997 808.06607 BUT A00093958 08/05/2018 Book
    Perpustakaan Yan Pinjaman Dewasa 12/12/2018 808.06607 BUT A00161529 12/12/2018 Book